La cultura y la historia

Guardat en:
Dades bibliogràfiques
Autor principal: Bagby, Philip (Autor)
Format: Llibre
Idioma:espanyol
Publicat: Madrid Taurus 1959
Col·lecció:Ser y Tiempo, 19
Matèries:
Etiquetes: Afegir etiqueta
Sense etiquetes, Sigues el primer a etiquetar aquest registre!

MARC

LEADER 00000nam a2200000 a 4500
001 UCM8191
003 CL-VaPUC
008 030124e19590000SP |||||||||||||||||spa|d
082 0 4 |a 901  |b BAG  |2 21 
100 0 |a Bagby, Philip  |e author  |9 474146 
245 1 3 |a La cultura y la historia 
300 |a 267 p 
942 |c BK 
945 |d 20030124 00:00:00  |a cmena 
260 |a Madrid  |b Taurus  |c 1959 
650 0 |a Filosofía de la historia  |9 265651 
650 0 |a Cultura  |9 269059 
650 0 |a Desarrollo cultural  |9 267526 
650 0 |a Civilizaciones  |9 267192 
583 |a last modification  |c 20030124 00:00:00  |k Rodrigo Vera 
490 0 |a Ser y Tiempo, 19 
999 |c 302769  |d 302767 
952 |0 0  |1 0  |4 0  |6 901_000000000000000_BAG_1959  |7 0  |8 A  |9 363500  |a BIBHIS  |b BIBHIS  |d 2019-11-21  |i 3879623  |o 901 BAG 1959  |p 3879623  |r 2025-01-20  |w 2019-11-21  |y BK  |k HIS